logo

Bir Sreshtho Munshi Abdur Rouf Library
Jhenaidah Cadet College

The American Economy / (Record no. 8586)

MARC details
000 -LEADER
fixed length control field 00557nam a22002177a 4500
001 - CONTROL NUMBER
JCCL Control Number 8586
003 - CONTROL NUMBER IDENTIFIER
JCCL marc code BD-JhCC
005 - DATE AND TIME OF LATEST TRANSACTION
control field 20180925084301.0
008 - FIXED-LENGTH DATA ELEMENTS--GENERAL INFORMATION
fixed length control field 180227s1963 nyu||||| |||| 00| 0 eng d
035 ## - SYSTEM CONTROL NUMBER
system control number (BD-JhCC) 8586
040 ## - CATALOGING SOURCE
Original cataloging agency BD-JhCC
Modifying agency BD-JhCC
041 ## - LANGUAGE CODE
Language code of Book eng
082 ## - DEWEY DECIMAL CLASSIFICATION NUMBER
Classification number 330.973
Author mark and Year MAR 1963
100 ## - MAIN ENTRY--PERSONAL NAME
Personal name Markham, Jess W
245 ## - TITLE STATEMENT
Title The American Economy /
Statement of responsibility, etc Jess W. Markham
260 ## - PUBLICATION, DISTRIBUTION, ETC. (IMPRINT)
Place of publication, distribution, etc New York
Name of publisher, distributor, etc George Braziller
Date of publication, distribution, etc MAR 1963
300 ## - PHYSICAL DESCRIPTION
Pagination 274. p ;
Dimensions 21 cm
650 ## - SUBJECT ADDED ENTRY--TOPICAL TERM
Topical term or geographic name as entry element Economic Policy
Geographic subdivision United State
942 ## - ADDED ENTRY ELEMENTS (KOHA)
Source of classification or shelving scheme Dewey Decimal Classification
Koha item type Books
Holdings
Source of classification or shelving scheme Damaged status Not for loan Home library Current library Shelving location Date of accession Total Checkouts Full call number Barcode Date last seen Koha item type
Dewey Decimal Classification     JCC Rouf Library JCC Rouf Library General Stacks 02/27/2018   330.973 MAR 1963 11280 02/27/2018 Books

JCC Library | Contacts | JCC Home

Last Update on 23 September 2017
Copyright @ 2017-2020 JCC Rouf Library
Rouf Library, Jhenidah Cadet College (JCC), Bangladesh